000 00769nmc a2200277 a 4500
003 AR-BaBNM
005 20251128210633.0
008 290020s1996 ||||||||||||||000 | spa||
020 _a84-89607-75-3
040 _cAR-BaBNM
100 1 _aForner, Angel
245 1 0 _aDiccionario terminológico de investigación educativa y psicopedagógica
250 _a1ª ed.
260 _aBarcelona
_bEUB
_c1996
300 0 _a151 p.
490 0 _aPsicología y educación
_v31
500 0 _aContiene listado y referencias bibliográficas
650 4 _aDICCIONARIOS
650 4 _aTERMINOLOGIA EDUCACIONAL
653 0 _aPSICOPEDAGOGIA
653 0 _aINVESTIGACION EDUCATIVA
655 _aREFERENCIA
700 1 _aLatorre, Antonio
942 _cBK
998 _cEugenia
999 _c16286
_d16286